[Event "9. Open de Calviá 2012 Aficionados"]
[Site "Calvia ESP"]
[Date "2012.10.11"]
[Round "6.33"]
[White "Spence, David J"]
[Black "Enjuto Velasco, Roberto"]
[Result "1/2-1/2"]
[WhiteElo "2247"]
[BlackElo "2142"]
[PlyCount "40"]
[EventDate "2012.10.06"]
[EventType "swiss"]
[EventRounds "9"]
[EventCountry "ESP"]
[SourceTitle "Ajedrez en Madrid"]
[Source "lmi"]
[SourceDate "2012.10.06"]

1. e4 c5 2. c3 d5 3. exd5 Qxd5 4. d4 cxd4 5. cxd4 Nc6 6. Nf3 Bg4 7. Be2 Nf6 8.
Nc3 Qd6 9. Be3 e6 10. h3 Bh5 11. O-O Be7 12. a3 O-O 13. Qb3 a6 14. Rfd1 Rfd8
15. Rac1 b5 16. g4 Bg6 17. Bf1 Rac8 18. Qa2 Ne4 19. Ne2 e5 20. Qa1 exd4 1/2-1/2

[Event "9. Open de Calviá 2012 Aficionados"]
[Site "Calvia ESP"]
[Date "2012.10.11"]
[Round "6.36"]
[White "Martinez Colomar, Alejandro"]
[Black "Abrines Sampol, Lorenzo"]
[Result "1-0"]
[WhiteElo "1809"]
[BlackElo "1707"]
[PlyCount "75"]
[EventDate "2012.10.06"]
[EventType "swiss"]
[EventRounds "9"]
[EventCountry "ESP"]
[SourceTitle "Ajedrez en Madrid"]
[Source "lmi"]
[SourceDate "2012.10.06"]

1. c4 Nf6 2. Nc3 b6 3. e4 e5 4. d3 Bb7 5. f4 d6 6. Nf3 Nc6 7. Be2 Be7 8. O-O
O-O 9. Be3 Ng4 10. Bd2 Nf6 11. Nd5 Nd4 12. Nxd4 exd4 13. Nxe7+ Qxe7 14. g4 Rae8
15. Qe1 Nd7 16. Qf2 c5 17. Qg3 d5 18. cxd5 Bxd5 19. Bd1 Bc6 20. Rf2 Nf6 21. g5
Nxe4 22. dxe4 Bxe4 23. Bf3 Qb7 24. Raf1 f5 25. h4 Re7 26. h5 Qa6 27. Bd1 Rfe8
28. Qb3+ Kh8 29. Be2 d3 30. Bf3 c4 31. Qc3 Qxa2 32. h6 Kg8 33. hxg7 Bxf3 34.
Rxf3 Rxg7 35. Qd4 Qa5 36. Bxa5 bxa5 37. Qxc4+ Kh8 38. Rxd3 1-0

[Event "9. Open de Calviá 2012 Aficionados"]
[Site "Calvia ESP"]
[Date "2012.10.11"]
[Round "6.38"]
[White "Driessen Llado, Pedro"]
[Black "Caballero Gomez-casero, Emilio"]
[Result "0-1"]
[WhiteElo "1580"]
[BlackElo "1808"]
[PlyCount "66"]
[EventDate "2012.10.06"]
[EventType "swiss"]
[EventRounds "9"]
[EventCountry "ESP"]
[SourceTitle "Ajedrez en Madrid"]
[Source "lmi"]
[SourceDate "2012.10.06"]

1. d4 Nf6 2. c4 g6 3. Nc3 Bg7 4. e4 d6 5. f3 O-O 6. Be3 Nbd7 7. Qd2 e5 8. d5 a5
9. O-O-O a4 10. g4 a3 11. b3 c6 12. h4 cxd5 13. cxd5 Nc5 14. Nge2 Qa5 15. Kb1
Bxg4 16. fxg4 Nxg4 17. Nc1 Nxe3 18. Qxe3 Rfc8 19. Rh3 b5 20. Bxb5 Rab8 21. Bc4
Qb4 22. Ka1 f5 23. exf5 e4 24. N1e2 Nd3 25. Rxd3 Rxc4 26. Rd1 Rbc8 27. Rc1 Rd4
28. fxg6 Rd3 29. gxh7+ Kh8 30. Qxd3 exd3 31. Rxd3 Qe4 32. Rd2 Rxc3 33. Nxc3
Bxc3+ 0-1

[Event "9. Open de Calviá 2012 Aficionados"]
[Site "Calvia ESP"]
[Date "2012.10.12"]
[Round "7.1"]
[White "Gromovs, Sergejs"]
[Black "Andersen, Lars Even"]
[Result "1-0"]
[WhiteElo "2169"]
[BlackElo "2291"]
[PlyCount "37"]
[EventDate "2012.10.06"]
[EventType "swiss"]
[EventRounds "9"]
[EventCountry "ESP"]
[SourceTitle "Ajedrez en Madrid"]
[Source "lmi"]
[SourceDate "2012.10.06"]

1. d4 Nf6 2. c4 e6 3. Nf3 d5 4. Nc3 c6 5. Bg5 dxc4 6. e4 b5 7. e5 h6 8. Bh4 g5
9. Nxg5 hxg5 10. Bxg5 Nbd7 11. g3 Rg8 12. Bxf6 Nxf6 13. exf6 Bb7 14. Bg2 Qb6
15. O-O O-O-O 16. a4 Rxd4 17. Qh5 Qc7 18. axb5 c5 19. Rxa7 1-0

[Event "9. Open de Calviá 2012 Aficionados"]
[Site "Calvia ESP"]
[Date "2012.10.12"]
[Round "7.2"]
[White "Sgircea, Silvia-raluca"]
[Black "Rhein, Klaus"]
[Result "1/2-1/2"]
[WhiteElo "2255"]
[BlackElo "2132"]
[PlyCount "72"]
[EventDate "2012.10.06"]
[EventType "swiss"]
[EventRounds "9"]
[EventCountry "ESP"]
[SourceTitle "Ajedrez en Madrid"]
[Source "lmi"]
[SourceDate "2012.10.06"]

1. Nf3 f5 2. d4 e6 3. c4 Nf6 4. g3 Be7 5. Bg2 O-O 6. O-O d6 7. Nc3 Qe8 8. Qc2
Qh5 9. Rd1 Nc6 10. d5 Nb4 11. Qa4 Na6 12. dxe6 Nc5 13. Qc2 Nxe6 14. Nd5 Bd8 15.
b3 Ne4 16. Bb2 c6 17. Nc3 N6c5 18. b4 Nxc3 19. Qxc3 Bf6 20. Qc2 Bxb2 21. Qxb2
Ne4 22. Nd4 Qg6 23. e3 Rd8 24. b5 Bd7 25. bxc6 bxc6 26. Rab1 Qf7 27. Qc2 Rab8
28. Bxe4 fxe4 29. Qxe4 Rxb1 30. Qxb1 c5 31. Nb5 Bh3 32. Qe4 Rf8 33. Qd5 Be6 34.
Qg2 Bh3 35. Qd5 Be6 36. Qg2 Bh3 1/2-1/2

[Event "9. Open de Calviá 2012 Aficionados"]
[Site "Calvia ESP"]
[Date "2012.10.12"]
[Round "7.3"]
[White "Sokalsky, Alexander"]
[Black "Gomez Jurado, Luis Alberto"]
[Result "1/2-1/2"]
[WhiteElo "2210"]
[BlackElo "2248"]
[PlyCount "154"]
[EventDate "2012.10.06"]
[EventType "swiss"]
[EventRounds "9"]
[EventCountry "ESP"]
[SourceTitle "Ajedrez en Madrid"]
[Source "lmi"]
[SourceDate "2012.10.06"]

1. Nf3 c5 2. g3 Nc6 3. Bg2 g6 4. O-O Bg7 5. c4 e5 6. Nc3 Nge7 7. Ne1 d6 8. Nc2
O-O 9. d3 Be6 10. Nd5 Qd7 11. Bg5 f6 12. Bd2 Bf7 13. Rb1 Nxd5 14. cxd5 Ne7 15.
e4 a5 16. b3 b5 17. a4 bxa4 18. bxa4 Qxa4 19. Ne3 Qxd1 20. Rfxd1 a4 21. Nc4 Nc8
22. Rb7 Be8 23. Rdb1 Rf7 24. Rb8 Rfa7 25. Bh3 f5 26. Na3 Bd7 27. R1b7 Rxb8 28.
Rxb8 Kf7 29. Bf1 Bf6 30. Be2 Ke7 31. h4 Kd8 32. Kf1 Kc7 33. Rb1 Rb7 34. Ba5+
Kb8 35. Ra1 Nb6 36. Ke1 Bd8 37. Bc3 Nc8 38. Bd1 Ne7 39. Nc4 Bc7 40. Bxa4 Bxa4
41. Rxa4 Ra7 42. Rxa7 Kxa7 43. Ke2 Kb7 44. Bd2 Kc8 45. Bg5 Ng8 46. Bd2 Kd7 47.
Be1 Nf6 48. Kf3 fxe4+ 49. dxe4 h5 50. Bd2 Bd8 51. Bg5 Be7 52. Bxf6 Bxf6 53. Ke2
Be7 54. Kd3 Bd8 55. Ke3 Be7 56. Kd2 Bd8 57. Kc3 Be7 58. Kb3 Bd8 59. Ka4 g5 60.
hxg5 Bxg5 61. Kb5 h4 62. gxh4 Bxh4 63. f3 Bd8 64. Ka4 Bc7 65. Ne3 Bd8 66. Nf5
Bf6 67. Kb5 Bd8 68. Ng7 Bf6 69. Ne6 Be7 70. Kc4 Bf6 71. Kd3 Be7 72. Ke3 Bf6 73.
Kd2 Be7 74. Kd3 Bf6 75. Kc3 Be7 76. Kd3 Bf6 77. Kc4 Be7 1/2-1/2

[Event "9. Open de Calviá 2012 Aficionados"]
[Site "Calvia ESP"]
[Date "2012.10.12"]
[Round "7.4"]
[White "Diaz Nunez, Adolfo"]
[Black "Fruebing, Thomas"]
[Result "1-0"]
[WhiteElo "2225"]
[BlackElo "2164"]
[PlyCount "113"]
[EventDate "2012.10.06"]
[EventType "swiss"]
[EventRounds "9"]
[EventCountry "ESP"]
[SourceTitle "Ajedrez en Madrid"]
[Source "lmi"]
[SourceDate "2012.10.06"]

1. Nf3 e6 2. c4 f5 3. g3 Nf6 4. Bg2 Be7 5. O-O O-O 6. d4 d6 7. b3 Qe8 8. Nc3
Ne4 9. Bb2 Nxc3 10. Bxc3 Bf6 11. Rc1 Qg6 12. Re1 Nd7 13. e4 fxe4 14. Rxe4 Qxe4
15. Nh4 Qc6 16. Bxc6 bxc6 17. Ng2 e5 18. f4 exd4 19. Bxd4 c5 20. Bf2 Bb7 21.
Ne3 Bb2 22. Rc2 Bd4 23. Nd5 Bxd5 24. cxd5 Bf6 25. Qg4 Rfd8 26. Qe6+ Kh8 27. Kg2
a5 28. h4 Nb6 29. Re2 a4 30. g4 axb3 31. axb3 Nd7 32. g5 Nf8 33. Qg4 Bc3 34.
Qf3 Ba1 35. h5 Re8 36. Rxe8 Rxe8 37. Qd1 Bb2 38. Qc2 Ba1 39. Qc1 Ra8 40. Be1
Ra2+ 41. Kf3 Bd4 42. Bc3 Rh2 43. Bxd4 cxd4 44. Ke4 Rxh5 45. Qxc7 Kg8 46. b4 h6
47. gxh6 Rxh6 48. b5 Rf6 49. b6 d3 50. Kxd3 Ng6 51. b7 Rxf4 52. b8=Q+ Kh7 53.
Qxd6 Rf3+ 54. Ke2 Rh3 55. Qc8 Rh4 56. Qf5 Kh8 57. Ke1 1-0

[Event "9. Open de Calviá 2012 Aficionados"]
[Site "Calvia ESP"]
[Date "2012.10.12"]
[Round "7.6"]
[White "Sarakauskiene, Zivile"]
[Black "Voiteanu, Gabriel"]
[Result "0-1"]
[WhiteElo "2192"]
[BlackElo "2298"]
[PlyCount "64"]
[EventDate "2012.10.06"]
[EventType "swiss"]
[EventRounds "9"]
[EventCountry "ESP"]
[SourceTitle "Ajedrez en Madrid"]
[Source "lmi"]
[SourceDate "2012.10.06"]

1. e4 e5 2. d4 exd4 3. Nf3 Nc6 4. Bc4 Bc5 5. c3 Nf6 6. e5 d5 7. Bb5 Ne4 8. cxd4
Bb6 9. h3 O-O 10. Be3 f6 11. Bxc6 bxc6 12. O-O Qe7 13. Nc3 Bf5 14. Rc1 Qe6 15.
Kh2 Nxc3 16. Rxc3 Be4 17. exf6 Rxf6 18. Ne5 c5 19. f4 cxd4 20. Bxd4 c5 21. Bxc5
Rxf4 22. Rxf4 Qxe5 23. g3 Bxc5 24. Qc1 Bf8 25. Rc7 g5 26. Rf1 Bd6 27. Rc8+ Rxc8
28. Qxc8+ Kg7 29. Qc3 Qxc3 30. bxc3 h5 31. Rd1 h4 32. Kg1 hxg3 0-1

[Event "9. Open de Calviá 2012 Aficionados"]
[Site "Calvia ESP"]
[Date "2012.10.12"]
[Round "7.7"]
[White "Cemborain Oricain, Alfonso"]
[Black "Spence, David J"]
[Result "1/2-1/2"]
[WhiteElo "1913"]
[BlackElo "2247"]
[PlyCount "80"]
[EventDate "2012.10.06"]
[EventType "swiss"]
[EventRounds "9"]
[EventCountry "ESP"]
[SourceTitle "Ajedrez en Madrid"]
[Source "lmi"]
[SourceDate "2012.10.06"]

1. e4 e6 2. d4 d5 3. exd5 exd5 4. Nf3 Bg4 5. h3 Bh5 6. Be2 Bd6 7. Ne5 Bxe2 8.
Qxe2 Qe7 9. Nc3 c6 10. O-O Nd7 11. Nd3 O-O-O 12. Qxe7 Nxe7 13. Bf4 Nf5 14. Bxd6
Nxd6 15. Rfe1 Rhf8 16. Ne2 b6 17. Ng3 Kc7 18. Re2 g6 19. Rae1 Rde8 20. Rxe8
Rxe8 21. Rxe8 Nxe8 22. Kf1 c5 23. c3 Nd6 24. Ne2 Kc6 25. Ke1 a5 26. b3 f6 27.
f3 c4 28. Nb2 cxb3 29. axb3 b5 30. Kd2 Nb6 31. Nd3 Nb7 32. Kc2 Kd6 33. Nef4 Nd7
34. Kb2 Nd8 35. Kc2 Nc6 36. Kb2 g5 37. Ne2 f5 38. g3 Ke6 39. f4 h6 40. h4 gxh4
1/2-1/2

[Event "9. Open de Calviá 2012 Aficionados"]
[Site "Calvia ESP"]
[Date "2012.10.12"]
[Round "7.8"]
[White "Munoz Agullo, Jose Francisco"]
[Black "Tolhuizen, Ludo"]
[Result "1/2-1/2"]
[WhiteElo "2241"]
[BlackElo "2186"]
[PlyCount "34"]
[EventDate "2012.10.06"]
[EventType "swiss"]
[EventRounds "9"]
[EventCountry "ESP"]
[SourceTitle "Ajedrez en Madrid"]
[Source "lmi"]
[SourceDate "2012.10.06"]

1. d4 e6 2. c4 f5 3. g3 Nf6 4. Bg2 c6 5. Nf3 d5 6. O-O Bd6 7. b3 Qe7 8. a4 a5
9. Ba3 Bxa3 10. Nxa3 O-O 11. Nc2 b6 12. Nce1 Bb7 13. Nd3 Na6 14. cxd5 cxd5 15.
Nfe5 Rac8 16. f3 Nb4 17. Rc1 Rxc1 1/2-1/2

[Event "9. Open de Calviá 2012 Aficionados"]
[Site "Calvia ESP"]
[Date "2012.10.12"]
[Round "7.9"]
[White "Karimi, Farhad"]
[Black "Van Den Bersselaar, Jeroen"]
[Result "1-0"]
[WhiteElo "2225"]
[BlackElo "2196"]
[PlyCount "53"]
[EventDate "2012.10.06"]
[EventType "swiss"]
[EventRounds "9"]
[EventCountry "ESP"]
[SourceTitle "Ajedrez en Madrid"]
[Source "lmi"]
[SourceDate "2012.10.06"]

1. d4 d5 2. Nf3 Nf6 3. e3 e6 4. Bd3 c5 5. b3 b6 6. O-O Bb7 7. Bb2 Nbd7 8. Nbd2
cxd4 9. exd4 Be7 10. Ne5 Nxe5 11. dxe5 Nd7 12. Qh5 g6 13. Qh6 Bf8 14. Qh3 Bb4
15. Rad1 Qc7 16. Nf3 a6 17. Bxg6 fxg6 18. Qxe6+ Kd8 19. Rxd5 Bxd5 20. Qxd5 Ke7
21. e6 Rhd8 22. exd7 Qc5 23. Qe4+ Kxd7 24. Qb7+ Ke8 25. Ne5 Qd5 26. Nc6 Rab8
27. Re1+ 1-0

[Event "9. Open de Calviá 2012 Aficionados"]
[Site "Calvia ESP"]
[Date "2012.10.12"]
[Round "7.14"]
[White "Alberto, Manuel"]
[Black "Rodvik, Trym Daniel"]
[Result "1-0"]
[WhiteElo "2164"]
[BlackElo "1859"]
[PlyCount "51"]
[EventDate "2012.10.06"]
[EventType "swiss"]
[EventRounds "9"]
[EventCountry "ESP"]
[SourceTitle "Ajedrez en Madrid"]
[Source "lmi"]
[SourceDate "2012.10.06"]

1. e4 c5 2. Nf3 d6 3. d4 cxd4 4. Nxd4 Nf6 5. Nc3 g6 6. Be3 Bg7 7. f3 O-O 8. Qd2
Nc6 9. O-O-O d5 10. exd5 Nxd5 11. Nxc6 bxc6 12. Bd4 e5 13. Bc5 Be6 14. Ne4 Rb8
15. Bc4 Qc8 16. Bxf8 Qxf8 17. Qa5 Rb4 18. Bb3 Rb5 19. Qe1 Rb4 20. c4 Bh6+ 21.
Kb1 Ne3 22. Rd6 Qb8 23. Qh4 Bf8 24. Rd8 Qc7 25. Nf6+ Kg7 26. Ne8+ 1-0

[Event "9. Open de Calviá 2012 Aficionados"]
[Site "Calvia ESP"]
[Date "2012.10.12"]
[Round "7.15"]
[White "Sanchez Garcia, Julio"]
[Black "Van Der Grinten, Bas"]
[Result "1-0"]
[WhiteElo "2070"]
[BlackElo "1953"]
[PlyCount "45"]
[EventDate "2012.10.06"]
[EventType "swiss"]
[EventRounds "9"]
[EventCountry "ESP"]
[SourceTitle "Ajedrez en Madrid"]
[Source "lmi"]
[SourceDate "2012.10.06"]

1. d4 Nf6 2. c4 c5 3. d5 e6 4. Nc3 exd5 5. cxd5 d6 6. e4 g6 7. Bd3 Bg7 8. h3
O-O 9. Nf3 b5 10. Bxb5 Nxe4 11. Nxe4 Qa5+ 12. Nfd2 Qxb5 13. Nxd6 Qd7 14. N2c4
Ba6 15. O-O Re8 16. Re1 Bxc4 17. Nxc4 Nc6 18. Bg5 f6 19. dxc6 Qxd1 20. Rexd1
fxg5 21. c7 Rac8 22. Rd7 Bf8 23. Rad1 1-0

[Event "9. Open de Calviá 2012 Aficionados"]
[Site "Calvia ESP"]
[Date "2012.10.12"]
[Round "7.18"]
[White "Garrido Lluy, Javier"]
[Black "Grichkevitch, Gilles"]
[Result "0-1"]
[WhiteElo "1835"]
[BlackElo "2137"]
[PlyCount "54"]
[EventDate "2012.10.06"]
[EventType "swiss"]
[EventRounds "9"]
[EventCountry "ESP"]
[SourceTitle "Ajedrez en Madrid"]
[Source "lmi"]
[SourceDate "2012.10.06"]

1. e4 c5 2. Nf3 e6 3. c3 Nc6 4. d4 d5 5. e5 Qb6 6. Be2 f6 7. O-O fxe5 8. dxe5
Nh6 9. Re1 Nf7 10. a4 c4 11. Na3 Bc5 12. Rf1 O-O 13. Nb5 Nfxe5 14. Nxe5 Nxe5
15. Nd4 Bd7 16. a5 Qd8 17. Be3 Bd6 18. f4 Ng6 19. f5 exf5 20. Nxf5 Bxh2+ 21.
Kxh2 Bxf5 22. Bd4 Qh4+ 23. Kg1 Be4 24. Bf3 Nf4 25. Bxe4 dxe4 26. Bf2 Qg5 27. g3
e3 0-1

[Event "9. Open de Calviá 2012 Aficionados"]
[Site "Calvia ESP"]
[Date "2012.10.12"]
[Round "7.21"]
[White "Crespi Lopez, Juan Josep"]
[Black "Berendsen, Markus"]
[Result "1/2-1/2"]
[WhiteElo "1941"]
[BlackElo "2028"]
[PlyCount "39"]
[EventDate "2012.10.06"]
[EventType "swiss"]
[EventRounds "9"]
[EventCountry "ESP"]
[SourceTitle "Ajedrez en Madrid"]
[Source "lmi"]
[SourceDate "2012.10.06"]

1. d4 Nf6 2. Bg5 e6 3. e4 Be7 4. Nd2 d5 5. e5 Nfd7 6. Bxe7 Qxe7 7. c3 c5 8. Bd3
b6 9. Ne2 Ba6 10. Bxa6 Nxa6 11. a3 Nab8 12. O-O Nc6 13. f4 g6 14. Nf3 c4 15.
Nc1 Na5 16. Qa4 Qd8 17. h3 Qc7 18. Nh2 Qc6 19. Qxc6 Nxc6 20. Ng4 1/2-1/2

[Event "9. Open de Calviá 2012 Aficionados"]
[Site "Calvia ESP"]
[Date "2012.10.12"]
[Round "7.24"]
[White "Solsona Manonelles, Josep"]
[Black "Kjellstrom, Roar"]
[Result "0-1"]
[WhiteElo "1669"]
[BlackElo "1916"]
[PlyCount "46"]
[EventDate "2012.10.06"]
[EventType "swiss"]
[EventRounds "9"]
[EventCountry "ESP"]
[SourceTitle "Ajedrez en Madrid"]
[Source "lmi"]
[SourceDate "2012.10.06"]

1. d4 Nf6 2. c4 d6 3. Nc3 g6 4. e3 Bg7 5. Be2 O-O 6. Nf3 Nc6 7. O-O e5 8. d5
Ne7 9. e4 Ne8 10. Be3 f5 11. exf5 gxf5 12. Bg5 f4 13. Ne4 Nf6 14. Bd3 Bf5 15.
Bxf6 Bxf6 16. Nxf6+ Rxf6 17. Ng5 Qd7 18. Qh5 Bxd3 19. Ne6 Bxf1 20. Rxf1 Rg6 21.
g4 c6 22. Ng5 Nf5 23. Ne6 Ng7 0-1

[Event "9. Open de Calviá 2012 Aficionados"]
[Site "Calvia ESP"]
[Date "2012.10.12"]
[Round "7.26"]
[White "Busom Ferrer, Manuel"]
[Black "Schafer, Guillermo"]
[Result "1/2-1/2"]
[WhiteElo "1970"]
[BlackElo "1791"]
[PlyCount "54"]
[EventDate "2012.10.06"]
[EventType "swiss"]
[EventRounds "9"]
[EventCountry "ESP"]
[SourceTitle "Ajedrez en Madrid"]
[Source "lmi"]
[SourceDate "2012.10.06"]

1. e4 e6 2. d4 d5 3. exd5 exd5 4. Bd3 Bd6 5. Ne2 Ne7 6. c4 dxc4 7. Bxc4 O-O 8.
Bg5 Nbc6 9. Nbc3 Na5 10. Bd3 f6 11. Bh4 Bf5 12. Ne4 Bb4+ 13. Kf1 Nd5 14. Nxf6+
Nxf6 15. Bxf5 Qd5 16. Qc2 g6 17. Bxg6 Bd6 18. Bxf6 Rxf6 19. Bxh7+ Kh8 20. Be4
Qf7 21. f3 Re8 22. Ng3 Nc4 23. Kf2 Bf4 24. Rhe1 c6 25. Re2 Nd6 26. Qb3 Bxg3+
27. Kxg3 Qg7+ 1/2-1/2

[Event "9. Open de Calviá 2012 Aficionados"]
[Site "Calvia ESP"]
[Date "2012.10.12"]
[Round "7.28"]
[White "Orcera Gomez, Francisco"]
[Black "Oliver Font, Jose Luis"]
[Result "0-1"]
[WhiteElo "1789"]
[BlackElo "1853"]
[PlyCount "46"]
[EventDate "2012.10.06"]
[EventType "swiss"]
[EventRounds "9"]
[EventCountry "ESP"]
[SourceTitle "Ajedrez en Madrid"]
[Source "lmi"]
[SourceDate "2012.10.06"]

1. e4 e6 2. Nf3 d5 3. exd5 exd5 4. d4 Nf6 5. Bd3 Bd6 6. O-O O-O 7. Bg5 Bg4 8.
Nbd2 Nbd7 9. Re1 c6 10. c4 Qc7 11. g3 Rfe8 12. Qc2 h6 13. Be3 dxc4 14. Bxc4 Re7
15. Be2 Nb6 16. Nc4 Nxc4 17. Qxc4 Rae8 18. Nd2 Bxg3 19. hxg3 Rxe3 20. fxe3
Qxg3+ 21. Kh1 Ne4 22. Nxe4 Rxe4 23. Rf1 Bf3+ 0-1

[Event "9. Open de Calviá 2012 Aficionados"]
[Site "Calvia ESP"]
[Date "2012.10.12"]
[Round "7.36"]
[White "Ramis Sebastia, Jordi Salvador"]
[Black "Martinez Colomar, Alejandro"]
[Result "1/2-1/2"]
[WhiteElo "1675"]
[BlackElo "1809"]
[PlyCount "62"]
[EventDate "2012.10.06"]
[EventType "swiss"]
[EventRounds "9"]
[EventCountry "ESP"]
[SourceTitle "Ajedrez en Madrid"]
[Source "lmi"]
[SourceDate "2012.10.06"]

1. d4 d5 2. c4 e5 3. dxe5 d4 4. Nf3 Nc6 5. Nbd2 Be6 6. a3 a5 7. b3 Nh6 8. Bb2
Bc5 9. Ne4 Ba7 10. g3 Bf5 11. Ned2 Ng4 12. Bg2 Ncxe5 13. Nxe5 Nxe5 14. O-O c6
15. b4 Bb8 16. Nb3 Nxc4 17. Bxd4 O-O 18. Qc1 a4 19. Nc5 Qxd4 20. Rd1 Qf6 21.
Qxc4 Be5 22. Ra2 Rfd8 23. Rad2 Bc3 24. Rxd8+ Rxd8 25. Rxd8+ Qxd8 26. Nd3 Bxd3
27. exd3 Qd4 28. Be4 g6 29. b5 Qxc4 30. dxc4 cxb5 31. cxb5 b6 1/2-1/2

[Event "9. Open de Calviá 2012 Aficionados"]
[Site "Calvia ESP"]
[Date "2012.10.12"]
[Round "7.38"]
[White "Palou De Comasema Pou, Antonio"]
[Black "Amoros Moran, Jose Joaquin"]
[Result "0-1"]
[WhiteElo "1410"]
[BlackElo "1962"]
[PlyCount "88"]
[EventDate "2012.10.06"]
[EventType "swiss"]
[EventRounds "9"]
[EventCountry "ESP"]
[SourceTitle "Ajedrez en Madrid"]
[Source "lmi"]
[SourceDate "2012.10.06"]

1. e4 c5 2. d4 cxd4 3. c3 dxc3 4. Nxc3 Nc6 5. Bc4 e6 6. Nf3 a6 7. Qe2 d6 8. O-O
Be7 9. Rd1 Qc7 10. Bf4 Ne5 11. Nxe5 dxe5 12. Be3 Bd7 13. Rac1 Qb8 14. Bb3 b5
15. Rd3 Nf6 16. Rcd1 Bc6 17. f3 O-O 18. Qf2 Qb7 19. Ne2 Rfd8 20. Bc5 Rxd3 21.
Rxd3 Bxe4 22. fxe4 Nxe4 23. Qf3 Nxc5 24. Qxb7 Nxb7 25. Rd7 Bc5+ 26. Kf1 Na5 27.
Bc2 f5 28. Nc1 Ra7 29. Rd8+ Kf7 30. Nd3 Bd4 31. Nb4 Rc7 32. Bb3 Nxb3 33. axb3
Rc1+ 34. Ke2 a5 35. Nd3 Rc2+ 36. Kf1 Bxb2 37. Rd7+ Kf6 38. Rb7 b4 39. Rb5 Bd4
40. Rxa5 e4 41. Nxb4 Rf2+ 42. Ke1 Rb2 43. Nc6 Bc3+ 44. Kd1 Bxa5 0-1

[Event "9. Open de Calviá 2012 Aficionados"]
[Site "Calvia ESP"]
[Date "2012.10.12"]
[Round "7.39"]
[White "Reyes Moreno, Jose"]
[Black "Sanchez Garcia, Alberto"]
[Result "1/2-1/2"]
[WhiteElo "1494"]
[BlackElo "1582"]
[PlyCount "46"]
[EventDate "2012.10.06"]
[EventType "swiss"]
[EventRounds "9"]
[EventCountry "ESP"]
[SourceTitle "Ajedrez en Madrid"]
[Source "lmi"]
[SourceDate "2012.10.06"]

1. e4 e6 2. d4 d5 3. Nc3 Bb4 4. Nge2 dxe4 5. Bd2 Nf6 6. g3 Nc6 7. Be3 e5 8. h3
exd4 9. Nxd4 Nxd4 10. Qxd4 Qxd4 11. Bxd4 Bf5 12. O-O-O Be7 13. Bg2 O-O 14. Bxf6
Bxf6 15. Nxe4 Bxe4 16. Bxe4 Rfe8 17. f3 Rad8 18. Rd3 Rxd3 19. Bxd3 a6 20. c3 c6
21. Kd2 c5 22. Re1 Rd8 23. Kc2 b5 1/2-1/2

[Event "9. Open de Calviá 2012 Aficionados"]
[Site "Calvia ESP"]
[Date "2012.10.12"]
[Round "7.41"]
[White "Lewandowski, Richard"]
[Black "Carranza Pons, Ricardo Nelson"]
[Result "0-1"]
[WhiteElo "1608"]
[BlackElo "1718"]
[PlyCount "64"]
[EventDate "2012.10.06"]
[EventType "swiss"]
[EventRounds "9"]
[EventCountry "ESP"]
[SourceTitle "Ajedrez en Madrid"]
[Source "lmi"]
[SourceDate "2012.10.06"]

1. d4 Nf6 2. c4 g6 3. Nc3 d5 4. cxd5 Nxd5 5. Bd2 Bg7 6. e3 O-O 7. Bd3 Nc6 8. a3
e5 9. Nxd5 Qxd5 10. f3 Re8 11. Ne2 exd4 12. e4 Qh5 13. O-O Ne5 14. Bc1 Nxd3 15.
Qxd3 Qc5 16. b4 Qb6 17. Bb2 c5 18. Rab1 Be6 19. bxc5 Qxc5 20. Bxd4 Bxd4+ 21.
Qxd4 Qxa3 22. Kh1 Red8 23. Qc3 Qxc3 24. Nxc3 b6 25. Rfd1 Rxd1+ 26. Rxd1 Rc8 27.
Nb5 a5 28. h3 a4 29. Kh2 Rc5 30. Nd6 a3 31. Ra1 a2 32. Nb7 Rb5 0-1

[Event "9. Open de Calviá 2012 Aficionados"]
[Site "Calvia ESP"]
[Date "2012.10.13"]
[Round "8.1"]
[White "Rhein, Klaus"]
[Black "Gromovs, Sergejs"]
[Result "0-1"]
[WhiteElo "2132"]
[BlackElo "2169"]
[PlyCount "72"]
[EventDate "2012.10.06"]
[EventType "swiss"]
[EventRounds "9"]
[EventCountry "ESP"]
[SourceTitle "Ajedrez en Madrid"]
[Source "lmi"]
[SourceDate "2012.10.06"]

1. e4 d6 2. Nc3 Nf6 3. d4 g6 4. Be3 c6 5. Be2 Nbd7 6. f4 b5 7. a3 Nb6 8. Nf3
Bg7 9. Nd2 O-O 10. O-O Qc7 11. Qe1 a5 12. Qh4 b4 13. Nd1 c5 14. dxc5 dxc5 15.
f5 Bb7 16. fxg6 fxg6 17. Nf2 Rad8 18. Nc4 Ba6 19. Bf4 Qa7 20. Nxb6 Bxe2 21.
Rfe1 Qxb6 22. Rxe2 bxa3 23. Rxa3 Qxb2 24. Rae3 Nh5 25. Nd3 Nxf4 26. Nxb2 Nxe2+
27. Rxe2 Bd4+ 28. Rf2 Bxf2+ 29. Qxf2 Rxf2 30. Kxf2 Rd2+ 31. Kf3 Rxc2 32. Na4
Rc4 33. Nb6 Rd4 34. Nc8 Kf8 35. Na7 a4 36. Nb5 a3 0-1

[Event "9. Open de Calviá 2012 Aficionados"]
[Site "Calvia ESP"]
[Date "2012.10.13"]
[Round "8.2"]
[White "Voiteanu, Gabriel"]
[Black "Diaz Nunez, Adolfo"]
[Result "0-1"]
[WhiteElo "2298"]
[BlackElo "2225"]
[PlyCount "56"]
[EventDate "2012.10.06"]
[EventType "swiss"]
[EventRounds "9"]
[EventCountry "ESP"]
[SourceTitle "Ajedrez en Madrid"]
[Source "lmi"]
[SourceDate "2012.10.06"]

1. d4 d5 2. c4 c6 3. Nf3 Nf6 4. e3 a6 5. Nc3 b5 6. c5 g6 7. Ne5 Bg7 8. Qb3 a5
9. Be2 O-O 10. O-O Qc7 11. Rd1 Bf5 12. Bd2 Na6 13. Nxc6 Qxc6 14. Bxb5 Qe6 15.
Na4 Nc7 16. Nb6 Ra7 17. Be2 h5 18. Qa3 Ne4 19. Bxa5 Bh6 20. b4 h4 21. Re1 h3
22. g3 Nd2 23. Bd3 Nf3+ 24. Kh1 Be4 25. Red1 Ne1+ 26. Kg1 Bxd3 27. Rxe1 Qe4 28.
f3 Bxe3+ 0-1

[Event "9. Open de Calviá 2012 Aficionados"]
[Site "Calvia ESP"]
[Date "2012.10.13"]
[Round "8.3"]
[White "Andersen, Lars Even"]
[Black "Sanchez Romero, Miquel Angel"]
[Result "1/2-1/2"]
[WhiteElo "2291"]
[BlackElo "2220"]
[PlyCount "20"]
[EventDate "2012.10.06"]
[EventType "swiss"]
[EventRounds "9"]
[EventCountry "ESP"]
[SourceTitle "Ajedrez en Madrid"]
[Source "lmi"]
[SourceDate "2012.10.06"]

1. e4 e5 2. Nf3 Nc6 3. Bb5 Nf6 4. O-O Bc5 5. Bxc6 dxc6 6. Nxe5 Nxe4 7. Qe2 Qd5
8. Nd3 O-O 9. Nxc5 Nxc5 10. Nc3 Qf5 1/2-1/2